000 00510nam a22002417a 4500
003 UA-OsUOA
001 61133
007 ta
008 20090616b un ||||| |||| 00| 0 ukr d
100 _aConrad J.
090 _a821.111
942 _cBK
040 _aUA-OsUOA
_beng
_cUA-OsUOA
_dUA-OsUOA
245 _aTyphoon
300 _a158 с.
955 _a3
041 _aeng
080 _a821.111
020 _a978-966-346-519-7
260 _aК.
_bЗнання
_c2008
650 7 _2UDC
999 _c346944
_d346944